[Event "SLO-chT2 West"]
[Site "Komenda"]
[Date "2022.11.26"]
[Round "6.2"]
[White "Markovic, Jelena"]
[Black "Hasanagic, Anel"]
[Result "0-1"]
[WhiteElo "1623"]
[BlackElo "2235"]
[PlyCount "86"]
[EventDate "2022.11.19"]
[EventType "team-tourn"]
[EventRounds "7"]
[EventCountry "SLO"]
[SourceTitle "EXT 2024"]
[Source "ChessBase"]
[SourceDate "2023.10.10"]
[SourceVersion "1"]
[SourceVersionDate "2023.10.10"]
[SourceQuality "1"]
[WhiteTeam "Vrhnika II"]
[BlackTeam "Jesenice Acroni"]
[WhiteTeamCountry "SLO"]
[BlackTeamCountry "SLO"]

1. d4 f5 2. e3 Nf6 3. Bd3 g6 4. c4 Bg7 5. Nc3 0-0 6. Nf3 d6 7. 0-0 Nc6 8. a3 e5 9. dxe5 dxe5 10. e4 f4 11. b4 Bg4 12. Be2 Bxf3 13. Bxf3 Nd4 14. Bb2 c6 15. Be2 g5 16. f3 Qe8 17. Na4 Rd8 18. Bxd4 Rxd4 19. Qc2 g4 20. Rad1 gxf3 21. Bxf3 b6 22. Rxd4 exd4 23. c5 b5 24. Nb2 Nd7 25. Nd3 Ne5 26. Nxe5 Bxe5 27. Bg4 Kh8 28. Qb3 Rf6 29. Rf3 Bc7 30. Qd3 Be5 31. Rh3 h6 32. Bf5 Qg8 33. Qb3 Qc4 34. Rd3 a5 35. Qb1 axb4 36. axb4 Rf8 37. Qb3 Ra8 38. Be6 Ra1+ 39. Kf2 Qc1 40. Kf3 Qf1+ 41. Kg4 Qxg2+ 42. Kh4 Qg5+ 43. Kh3 Rg1 0-1

[Event "SLO-chT Central 23rd"]
[Site "Slovenia"]
[Date "2022.10.06"]
[Round "3.3"]
[White "Markovic, Jelena"]
[Black "Saradjen, Darja"]
[Result "0-1"]
[WhiteElo "1623"]
[BlackElo "1739"]
[PlyCount "110"]
[EventDate "2022.09.15"]
[EventType "team-swiss"]
[EventRounds "9"]
[EventCountry "SLO"]
[SourceTitle "EXT 2024"]
[Source "ChessBase"]
[SourceDate "2023.10.10"]
[SourceVersion "1"]
[SourceVersionDate "2023.10.10"]
[SourceQuality "1"]
[WhiteTeam "Vrhnika"]
[BlackTeam "Menges Trzin II"]
[WhiteTeamCountry "SLO"]
[BlackTeamCountry "SLO"]

1. d4 d5 2. e3 Nf6 3. f4 e6 4. Nf3 Bd6 5. Bd3 h6 6. 0-0 0-0 7. c4 c5 8. Nc3 cxd4 9. exd4 dxc4 10. Bxc4 a6 11. d5 Qc7 12. Bb3 Bxf4 13. Bxf4 Qxf4 14. dxe6 fxe6 15. Qe2 Re8 16. Rad1 Ng4 17. Rde1 Bd7 18. h3 Nf6 19. Qd3 Nc6 20. Ne2 Qc7 21. Kh1 Rad8 22. Rc1 Qb6 23. Ng3 Nb4 24. Qg6 Bb5 25. Nf5 Rd7 26. Ne5 Rc7 27. Nxh6+ Kf8 28. Rxf6+ gxf6 29. Qg8+ Ke7 30. Ng6+ Kd8 31. Rd1+ Nd5 32. Nf7+ Kc8 33. Qg7 Bc4 34. Ba4 Bb5 35. Bb3 Kb8 36. Bxd5 exd5 37. Nf4 Bc6 38. Qg6 Rce7 39. Qxf6 Re1+ 40. Rxe1 Rxe1+ 41. Kh2 Qg1+ 42. Kg3 Re3+ 43. Kh4 Qf2+ 44. Kh5 Re4 45. Nd6 Be8+ 46. Kh6 Qxf4+ 47. Qxf4 Rxf4 48. Nxe8 d4 49. Kg5 Rf2 50. g4 d3 51. Nd6 d2 52. Ne4 d1Q 53. Nxf2 Qd2+ 54. Kh5 Qxf2 55. h4 Qxb2 0-1

[Event "SLO-ch qual"]
[Site "Ljubljana"]
[Date "2007.07.08"]
[Round "5"]
[White "Kolar, Drago"]
[Black "Markovic, Jelena"]
[Result "1-0"]
[WhiteElo "1903"]
[BlackElo "1774"]
[PlyCount "101"]
[EventDate "2007.07.05"]
[EventType "swiss"]
[EventRounds "9"]
[EventCountry "SLO"]
[SourceTitle "EXT 2010"]
[Source "ChessBase"]
[SourceDate "2010.11.25"]
[SourceVersion "1"]
[SourceVersionDate "2010.11.25"]
[SourceQuality "1"]

1. d4 Nf6 2. c4 e6 3. Nc3 d5 4. Bg5 Be7 5. e3 Nbd7 6. Bxf6 Nxf6 7. Nf3 0-0 8. Bd3 dxc4 9. Bxc4 c5 10. 0-0 a6 11. a4 Bd7 12. Qb3 Qc7 13. Rfd1 cxd4 14. Nxd4 Ng4 15. g3 Qc8 16. Rac1 Ne5 17. Bf1 Nc6 18. Bg2 Rb8 19. Ne4 Qe8 20. Nc3 Nxd4 21. Rxd4 Bc6 22. Rc4 Bxg2 23. Kxg2 b6 24. Ne4 a5 25. Nc3 Bc5 26. Kg1 Qe7 27. Nb5 Rfd8 28. Nc3 Rd2 29. Ne4 Rdd8 30. Nxc5 bxc5 31. Qc3 Rb4 32. Rxc5 Rxa4 33. Rxa5 Rxa5 34. Qxa5 g6 35. b4 Rb8 36. b5 Qb7 37. Rb1 Rc8 38. Qa6 Rb8 39. Qxb7 Rxb7 40. b6 Kf8 41. Kg2 Ke7 42. Kf3 Kd6 43. Ke4 f6 44. f4 Kc5 45. g4 Rxb6 46. Rxb6 Kxb6 47. g5 Kc6 48. gxf6 Kd6 49. h4 h6 50. Kd4 Kd7 51. Ke5 1-0

[Event "SLO-ch qual"]
[Site "Ljubljana"]
[Date "2007.07.06"]
[Round "2"]
[White "Sadikov, Aleksander"]
[Black "Markovic, Jelena"]
[Result "1-0"]
[WhiteElo "1974"]
[BlackElo "1774"]
[PlyCount "35"]
[EventDate "2007.07.05"]
[EventType "swiss"]
[EventRounds "9"]
[EventCountry "SLO"]
[SourceTitle "EXT 2010"]
[Source "ChessBase"]
[SourceDate "2010.11.25"]
[SourceVersion "1"]
[SourceVersionDate "2010.11.25"]
[SourceQuality "1"]

1. e4 d6 2. d4 g6 3. Nc3 Bg7 4. Be3 Nf6 5. f3 0-0 6. Qd2 e5 7. Nge2 exd4 8. Nxd4 a6 9. 0-0-0 Nc6 10. g4 Ne5 11. Be2 Ne8 12. Bh6 c5 13. Nb3 Be6 14. Bxg7 Kxg7 15. Nxc5 Qc7 16. Nxe6+ fxe6 17. f4 Nc4 18. Qd4+ 1-0

[Event "SLO-chT (Women) 16th"]
[Site "Ljubljana"]
[Date "2006.07.06"]
[Round "7"]
[White "Drame, Sasa"]
[Black "Markovic, Jelena"]
[Result "1/2-1/2"]
[WhiteElo "1809"]
[BlackElo "1826"]
[PlyCount "50"]
[EventDate "2006.07.03"]
[EventType "team"]
[EventRounds "9"]
[EventCountry "SLO"]
[SourceTitle "EXT 2008"]
[Source "ChessBase"]
[SourceDate "2007.11.25"]
[SourceVersion "1"]
[SourceVersionDate "2007.11.25"]
[SourceQuality "1"]

1. e4 d6 2. d4 Nf6 3. Nc3 g6 4. Nf3 Bg7 5. Be2 0-0 6. Be3 Ng4 7. Bg5 c6 8. a4 a5 9. 0-0 Qc7 10. h3 Nf6 11. Qd2 e5 12. dxe5 dxe5 13. Bc4 Re8 14. Rad1 Qd7 15. Qe3 Qc7 16. Rd2 Be6 17. Bxe6 Rxe6 18. Rfd1 Nbd7 19. Rd3 Nf8 20. Qd2 Re7 21. Bh6 Ne6 22. Bxg7 Kxg7 23. Qe3 Nf4 24. Rd6 Re6 25. Rxe6 Nxe6 1/2-1/2

[Event "SLO-chT (Women) 16th"]
[Site "Ljubljana"]
[Date "2006.07.03"]
[Round "1"]
[White "Bajt, Indira"]
[Black "Markovic, Jelena"]
[Result "1-0"]
[WhiteElo "2194"]
[BlackElo "1826"]
[PlyCount "65"]
[EventDate "2006.07.03"]
[EventType "team"]
[EventRounds "9"]
[EventCountry "SLO"]
[SourceTitle "EXT 2008"]
[Source "ChessBase"]
[SourceDate "2007.11.25"]
[SourceVersion "1"]
[SourceVersionDate "2007.11.25"]
[SourceQuality "1"]

1. e4 e5 2. Nf3 Nc6 3. Nc3 Nf6 4. d4 exd4 5. Nxd4 Nxd4 6. Qxd4 c6 7. e5 Ng8 8. Ne4 Be7 9. Nd6+ Bxd6 10. exd6 Qf6 11. Be3 b5 12. Bxb5 Bb7 13. Bc4 Qxd4 14. Bxd4 f6 15. 0-0 Nh6 16. Rfe1+ Kd8 17. Bc5 Re8 18. Rxe8+ Kxe8 19. Re1+ Kf8 20. Re7 Re8 21. Rxe8+ Kxe8 22. Bxa7 Nf7 23. Bc5 Ne5 24. Be2 g5 25. Bd4 Kf7 26. Bxe5 fxe5 27. Bg4 Bc8 28. a4 c5 29. a5 Ke8 30. Kf1 Ba6+ 31. Ke1 c4 32. Kd2 Kd8 33. Kc3 1-0